Educación en tecnologia 1 (Registro nro. 11495)

Detalles MARC
000 -CABECERA
Longitud fija campo de control 01030nam a2200205 a 4500
003 - • IDENTIFICADOR DELl NÚMERO DE CONTROL
Identificador del número de control CO-ViMGA
008 - • CÓDIGOS DE INFORMACIÓN DE LONGITUD FIJA
Códigos de información de longitud fija 141112s2004 ck r 000 u spa d
020 ## - • NÚMERO INTERNACIONAL NORMALIZADO PARA LIBROS
Número Internacional Normalizado para Libros (ISBN) 8448111559
040 ## - FUENTE DE LA CATALOGACIÓN
Centro catalogador de origen CO-ViMGA
Lengua de catalogación spa
Centro transcriptor CO-ViMGA
082 ## - • NÚMERO DE LA CLASIFICACIÓN DECIMAL DEWEY
Número de clasificación (R) 372.358 G653e - 1
100 1# - • PUNTO DE ACCESO PRINCIPAL-NOMBRE DE PERSONA
Nombre de persona Silva Rodríguez, L.; Gómez Olalla, L.A.; Jimenez Alvarez, J.; Almaraz Martín, A.
245 10 - • TITULO PROPIAMENTE DICHO
Título Educación en tecnologia 1
300 ## - • DESCRIPCIÓN FÍSICA
Extensión 173 p.
505 ## - • NOTA DE CONTENIDO CON FORMATO
Nota de contenido con formato Estructura y Rampas - historia - construcción Estatua de la Libertad Rascacielos - - Tensores Soportes y vigas Movimiento con operadores mecánicos - transformación palanca Balancín - funciones Polea - construcción Biela Collage tecnológico Madera - herramientas Movimiento con operadores electricos Circuito electrico - tipos pila o generador motor electrico - - Estructuras desmontables - tipos Máquinas sencillas Educación en tecnología 1
650 14 - • PUNTO DE ACCESO ADICIONAL DE MATERIA - TÉRMINO DE MATERIA
Término de materia o nombre geográfico como elemento inicial educación EN TECNOLOGIA
650 14 - • PUNTO DE ACCESO ADICIONAL DE MATERIA - TÉRMINO DE MATERIA
Término de materia o nombre geográfico como elemento inicial TECNOLOGIA
942 ## - ENTRADA DE ELEMENTOS AGREGADOS (KOHA)
Fuente de clasificaión o esquema Dewey Decimal Classification
Koha [por defecto] tipo de item LIbro
Existencias
Perdido Fuente de clasificación o esquema Estado Físico No para préstamo Forma de adquisición Localización permanente Localización actual Fecha adquisición Serie de enumeración / cronolog&íacute;a Préstamos totales Signatura completa Código de barras Fecha última consulta Número de copia Fecha del precio de reemplazo Tipo de item de Koha
  Dewey Decimal Classification     Sala General Biblioteca Comunitaria - Villavicencio Biblioteca Comunitaria - Villavicencio 12/04/2015 Volumen. 1 | 19/ago/2010   372.358 G653e - 1 23553 12/04/2015 Ej. 2 12/04/2015 LIbro
  Dewey Decimal Classification     Sala General Segundo Piso Biblioteca Pública Germán Arciniegas - Villavicencio Biblioteca Pública Germán Arciniegas - Villavicencio 12/04/2015 Volumen. 1 | 11/jun/2009   372.358 G653e - 1 14578 12/04/2015 Ej. 1 12/04/2015 LIbro









Instituto Departamental de Cultura del Meta - Red Departamental de Bibliotecas Públicas del Meta.